| 000 | 00656nam a2200229Ia 4500 | ||
|---|---|---|---|
| 003 | OSt | ||
| 005 | 20240927145207.0 | ||
| 006 | a|||||r|||| 00| 0 | ||
| 007 | ta | ||
| 008 | 220927b |||||||| |||| 00| 0 eng d | ||
| 024 | _a45106 | ||
| 037 | _cTextual | ||
| 040 |
_aSDCL _cSDCL _beng |
||
| 041 |
_2eng _aeng |
||
| 082 | _aV281:717'M4 L9 RR | ||
| 100 |
_aNath, R. _9399143 |
||
| 245 | 0 |
_aMonuments of Delhi : _b historical study / |
|
| 260 |
_aNew Delhi : _bIndian Institute of Islamic Studies, _c1979. |
||
| 300 |
_aVarious Paganision _ccm. |
||
| 942 |
_hV281:717'M4 L9 RR _cRAR _2CC |
||
| 999 |
_c747804 _d747804 |
||